[Event "Manhem Chessweek GM"]
[Site "www.ssmanhem.se"]
[Date "2013.08.14"]
[Round "6"]
[White "Bejtovic, Jasmin"]
[Black "Smith, Axel"]
[Result "0-1"]
[WhiteElo "2392"]
[BlackElo "2468"]
[PlyCount "110"]
[EventDate "2013.08.10"]

1. Nf3 Nf6 2. g3 b5 3. Bg2 Bb7 4. O-O c5 5. d3 d6 6. e4 Nbd7 7. a4 b4 8. Nbd2
g6 9. Nc4 Bg7 10. Re1 O-O 11. Qe2 Ng4 12. Bg5 Nde5 13. Nfxe5 Nxe5 14. Nxe5 Bxe5
15. Rab1 Qd7 16. b3 Bc3 17. Rf1 f5 18. Be3 e5 19. f3 f4 20. Bf2 g5 21. g4 h5
22. Kh1 Rf6 23. Bh3 Kf7 24. Rg1 Rh8 25. Rg2 Rfh6 26. Rbg1 Kf8 27. Be1 Bd4 28.
Bf2 Bc3 29. Be1 Bd4 30. Bf2 a5 31. Bxd4 cxd4 32. Rf2 Bc8 33. Rgg2 Qh7 34. Kg1
Be6 35. Kh1 Qd7 36. Rg1 R6h7 37. Qf1 Kf7 38. Qe2 Kf6 39. Qf1 Rc8 40. Qg2 Rg7
41. Re2 Rc3 42. Qf2 Qc8 43. Qg2 h4 44. Rb1 Rgc7 45. Rb2 Bxb3 46. cxb3 Rc1+ 47.
Qf1 Rxf1+ 48. Bxf1 Rc1 49. Kg1 Qc3 50. Red2 h3 51. Kf2 Rd1 52. Rxd1 Qxb2+ 53.
Be2 Qxb3 54. Rd2 Qxa4 55. Bd1 b3 0-1

[Event "Manhem Chessweek GM"]
[Site "www.ssmanhem.se"]
[Date "2013.08.14"]
[Round "6"]
[White "Hillarp Persson, Tiger"]
[Black "Semcesen, Daniel"]
[Result "1/2-1/2"]
[WhiteElo "2529"]
[BlackElo "2486"]
[PlyCount "101"]
[EventDate "2013.08.10"]

1. e4 e5 2. Nf3 Nc6 3. Bb5 a6 4. Ba4 Nf6 5. d3 b5 6. Bb3 Be7 7. O-O O-O 8. h3
d6 9. c3 Na5 10. Bc2 c5 11. d4 Qc7 12. d5 Bd7 13. b3 Nb7 14. Nh2 Rae8 15. f4
exf4 16. Bxf4 Bc8 17. Nd2 Nd7 18. Ng4 f6 19. Kh1 Nd8 20. a4 Ne5 21. Ne3 Ndf7
22. axb5 axb5 23. Qe2 Bd7 24. Nf5 Bd8 25. Bh2 Qb7 26. b4 Bb6 27. bxc5 dxc5 28.
Ng3 Ra8 29. Nh5 Rxa1 30. Rxa1 Ra8 31. Rf1 Ra2 32. Bb1 Ra3 33. Nf3 Bc7 34. Nxe5
Bxe5 35. Bxe5 Nxe5 36. Qf2 Be8 37. Qxc5 Ra8 38. Nf4 Rc8 39. Qd4 Qc7 40. Rc1 Bd7
41. d6 Qa5 42. Qd2 Kh8 43. Ba2 Qa3 44. Rc2 Qa4 45. Bd5 b4 46. Ne2 h6 47. Rc1
bxc3 48. Rxc3 Rb8 49. Kh2 Qb4 50. Nf4 Qxd6 51. Rg3 1/2-1/2

[Event "Manhem Chessweek GM"]
[Site "www.ssmanhem.se"]
[Date "2013.08.14"]
[Round "6"]
[White "Bae, Torstein"]
[Black "Blomqvist, Erik"]
[Result "1/2-1/2"]
[WhiteElo "2453"]
[BlackElo "2503"]
[PlyCount "43"]
[EventDate "2013.08.10"]

1. Nf3 Nf6 2. g3 d5 3. Bg2 e6 4. O-O Be7 5. c4 O-O 6. d4 dxc4 7. Qc2 a6 8. Qxc4
b5 9. Qc2 Bb7 10. Bd2 Ra7 11. a3 Be4 12. Qc1 Nc6 13. e3 Qa8 14. Qd1 b4 15. axb4
Nxb4 16. Nc3 Bc6 17. Qe2 Rb8 18. Rfc1 Nd3 19. Rcb1 Nb4 20. Rc1 Nd3 21. Rcb1 Nb4
22. Rc1 1/2-1/2

[Event "Manhem Chessweek GM"]
[Site "www.ssmanhem.se"]
[Date "2013.08.14"]
[Round "7"]
[White "Blomqvist, Erik"]
[Black "Nithander, Victor"]
[Result "1-0"]
[WhiteElo "2503"]
[BlackElo "2437"]
[PlyCount "43"]
[EventDate "2013.08.10"]

1. e4 g6 2. d4 Bg7 3. Nc3 d6 4. f4 a6 5. Nf3 b5 6. Bd3 Bb7 7. e5 e6 8. O-O Ne7
9. a4 b4 10. Ne4 Bxe4 11. Bxe4 d5 12. Bd3 Nd7 13. Be3 c5 14. dxc5 Qa5 15. Qd2
Nc6 16. Bb5 axb5 17. axb5 Qxa1 18. Rxa1 Rxa1+ 19. Kf2 Bf8 20. bxc6 Nxc5 21. Ke2
Ra6 22. Qxb4 1-0

[Event "Manhem Chessweek GM"]
[Site "www.ssmanhem.se"]
[Date "2013.08.14"]
[Round "7"]
[White "Smith, Axel"]
[Black "Berg, Emanuel"]
[Result "0-1"]
[WhiteElo "2468"]
[BlackElo "2539"]
[PlyCount "122"]
[EventDate "2013.08.10"]

1. Nf3 d6 2. d4 g6 3. e4 Bg7 4. Bc4 e6 5. Bb3 Ne7 6. c3 Nd7 7. O-O b6 8. Nbd2
h6 9. Re1 Bb7 10. Nf1 O-O 11. Ng3 Kh7 12. h4 Ng8 13. h5 Qe7 14. Nh2 e5 15. Be3
Rad8 16. Bc2 Qh4 17. Nf3 Qf6 18. d5 Qe7 19. a4 a5 20. b4 Ra8 21. Nd2 Qh4 22.
Nf3 Qe7 23. Nd2 Ndf6 24. bxa5 bxa5 25. Nc4 Bc8 26. Rb1 Ng4 27. Nd2 N8f6 28.
hxg6+ fxg6 29. Ndf1 Nxe3 30. Nxe3 h5 31. Bd3 Bh6 32. Ngf1 h4 33. Nh2 Nh5 34.
Rb2 Bf4 35. Nef1 Bxh2+ 36. Nxh2 Nf4 37. Bf1 Qg5 38. Kh1 Nh5 39. Nf3 Qh6 40. Kg1
Bg4 41. Be2 Nf4 42. Ng5+ Qxg5 43. Bxg4 Rab8 44. Rxb8 Rxb8 45. Qf3 Rb2 46. Kf1
Kg7 47. Bh3 Rd2 48. Kg1 Rd3 49. Qg4 Nxh3+ 50. gxh3 Qxg4+ 51. hxg4 Kf6 52. Rc1
Kg5 53. Kh2 Kxg4 54. Rg1+ Kf4 55. Rxg6 Rxc3 56. Rh6 Kxe4 57. Rxh4+ Kxd5 58. f4
Rc4 59. Kg3 Rxf4 60. Rxf4 exf4+ 61. Kxf4 Kc4 0-1

[Event "Manhem Chessweek GM"]
[Site "www.ssmanhem.se"]
[Date "2013.08.14"]
[Round "7"]
[White "Rozentalis, Eduardas"]
[Black "Hillarp Persson, Tiger"]
[Result "1/2-1/2"]
[WhiteElo "2607"]
[BlackElo "2529"]
[PlyCount "51"]
[EventDate "2013.08.10"]

1. e4 d6 2. d4 Nf6 3. Nc3 g6 4. Nf3 Bg7 5. Be2 O-O 6. O-O Nc6 7. d5 Nb8 8. h3
e5 9. Be3 Nbd7 10. a4 a5 11. Nd2 Nc5 12. Bxc5 dxc5 13. Nc4 Ne8 14. Nb5 Bd7 15.
c3 b6 16. b4 axb4 17. cxb4 cxb4 18. Qb3 Bxb5 19. axb5 Rxa1 20. Rxa1 Nd6 21.
Nxd6 Qxd6 22. Rc1 Rc8 23. Rc6 Qd8 24. d6 Bf8 25. Bg4 Bxd6 26. Bxc8 1/2-1/2

[Event "Manhem Chessweek GM"]
[Site "www.ssmanhem.se"]
[Date "2013.08.14"]
[Round "7"]
[White "Wallace, John-Paul"]
[Black "Bejtovic, Jasmin"]
[Result "1/2-1/2"]
[WhiteElo "2394"]
[BlackElo "2392"]
[PlyCount "90"]
[EventDate "2013.08.10"]

1. d4 Nf6 2. c4 g6 3. f3 Bg7 4. e4 d6 5. Bg5 O-O 6. Ne2 Nbd7 7. Nec3 e5 8. d5
h6 9. Bh4 a6 10. Na3 Qe8 11. Qd2 Nh5 12. O-O-O Nc5 13. Kb1 f5 14. exf5 gxf5 15.
Rg1 Bd7 16. Bf2 Nf6 17. Be3 Qg6 18. Qc2 e4 19. h3 Nh5 20. g4 fxg4 21. hxg4 Nf4
22. Bxc5 dxc5 23. Nxe4 Bd4 24. Rh1 Rae8 25. Qh2 Rxe4 26. fxe4 Qxe4+ 27. Nc2 Bg7
28. Re1 Qg6 29. Re7 Qf6 30. Rxg7+ Qxg7 31. Ne3 Rf6 32. Rg1 Kf8 33. a3 Ke8 34.
Qd2 Kd8 35. Bd3 Nxd3 36. Qxd3 Rf2 37. Qb3 Re2 38. Rc1 Ba4 39. Qc3 Qd4 40. Nf5
Qxg4 41. Qf6+ Kc8 42. d6 cxd6 43. Qf8+ Be8 44. Nxd6+ Kb8 45. Nxe8 Qg6+ 1/2-1/2

[Event "Manhem Chessweek GM"]
[Site "www.ssmanhem.se"]
[Date "2013.08.14"]
[Round "7"]
[White "Semcesen, Daniel"]
[Black "Bae, Torstein"]
[Result "1-0"]
[WhiteElo "2486"]
[BlackElo "2453"]
[PlyCount "51"]
[EventDate "2013.08.10"]

1. d4 Nf6 2. c4 e6 3. Nc3 Bb4 4. a3 Bxc3+ 5. bxc3 b6 6. f3 Ba6 7. e4 Nc6 8. Bd3
Na5 9. Qe2 d6 10. f4 c5 11. Nf3 cxd4 12. cxd4 Rc8 13. e5 Nd7 14. O-O Bxc4 15.
f5 Bxd3 16. Qxd3 dxe5 17. fxe6 fxe6 18. Ng5 Nc5 19. Qf3 Qxd4+ 20. Be3 Qd7 21.
Qh5+ g6 22. Qh6 Nc4 23. Rf7 Nxe3 24. Qg7 Qxf7 25. Nxf7 Rf8 26. Nd6+ 1-0

[Event "Manhem Chessweek GM"]
[Site "www.ssmanhem.se"]
[Date "2013.08.15"]
[Round "8"]
[White "Bejtovic, Jasmin"]
[Black "Blomqvist, Erik"]
[Result "0-1"]
[WhiteElo "2392"]
[BlackElo "2503"]
[PlyCount "82"]
[EventDate "2013.08.10"]

1. e4 c5 2. Nc3 Nc6 3. Bb5 Nd4 4. Bc4 e6 5. Nge2 Nf6 6. O-O a6 7. a4 d5 8. exd5
exd5 9. Ba2 Bg4 10. f3 Bf5 11. d3 Nxe2+ 12. Qxe2+ Be7 13. Bg5 O-O 14. Rae1 Be6
15. f4 Re8 16. f5 Bd7 17. Qf3 d4 18. Rxe7 Qxe7 19. Nd5 Qe5 20. Nxf6+ gxf6 21.
Qh5 Re7 22. Qh6 Bc6 23. Bxf6 Qe3+ 24. Qxe3 Rxe3 25. Rf4 Rae8 26. Rg4+ Kf8 27.
h4 Re1+ 28. Kh2 R8e2 29. Rg7 Rf1 30. Rxf7+ Ke8 31. Rg7 Rxf5 32. Rg8+ Kd7 33.
Rg7+ Kc8 34. Rg8+ Kc7 35. Bd8+ Kd7 36. Bb6 Bxa4 37. Rd8+ Kc6 38. Ba7 Bxc2 39.
Rc8+ Kb5 40. Bc4+ Kb4 41. Bb6 Bb3 0-1

[Event "Manhem Chessweek GM"]
[Site "www.ssmanhem.se"]
[Date "2013.08.15"]
[Round "8"]
[White "Smith, Axel"]
[Black "Wallace, John-Paul"]
[Result "1/2-1/2"]
[WhiteElo "2468"]
[BlackElo "2394"]
[PlyCount "161"]
[EventDate "2013.08.10"]

1. d4 Nf6 2. c4 g6 3. Nc3 Bg7 4. Nf3 O-O 5. Bg5 c5 6. d5 h6 7. Bh4 g5 8. Bg3
Nh5 9. e3 Nxg3 10. hxg3 Qb6 11. Qc2 f5 12. Bd3 Na6 13. a3 Qf6 14. O-O-O e5 15.
e4 f4 16. gxf4 Qxf4+ 17. Rd2 Qf6 18. Ne2 d6 19. Ng3 Nc7 20. Nh2 Rb8 21. Nhf1 b5
22. Ne3 bxc4 23. Bxc4 Qg6 24. Ngf5 Rf7 25. g4 Bf8 26. Rh3 a6 27. Rd1 Nb5 28.
Bxb5 axb5 29. Rdh1 Rh7 30. R1h2 Rbb7 31. Qd1 Rh8 32. Qh1 Rbh7 33. Qf3 Bd7 34.
Nf1 Be8 35. N1g3 Qf7 36. Qh1 Qf6 37. Kd1 b4 38. axb4 cxb4 39. Ke2 Bb5+ 40. Kf3
Rc7 41. Qe1 Rc4 42. Kg2 Rh7 43. Qa1 Bd7 44. Qa5 Bxf5 45. gxf5 Rf7 46. Qa8 Kh7
47. Qe8 Re7 48. Qd8 Rf7 49. Qe8 Qe7 50. Qb5 Rd4 51. Rh5 Qf6 52. Qe8 Re7 53.
Qg6+ Qxg6 54. fxg6+ Kxg6 55. Nf5 Rh7 56. Nxd4 exd4 57. f4 gxf4 58. Kf3 Bg7 59.
Rf5 Bf6 60. Rg2+ Bg5 61. Rd2 Bf6 62. Rxf4 Bg5 63. Rxd4 Bxf4 64. Kxf4 Rf7+ 65.
Ke3 h5 66. Rxb4 h4 67. Rc4 h3 68. Rc1 Kh5 69. e5 dxe5 70. Ke4 Kh4 71. d6 h2 72.
Kxe5 Rb7 73. Rh1 Kg3 74. Ke6 Rxb2 75. d7 Re2+ 76. Kf7 Rd2 77. Ke8 Kg2 78. Ra1
h1=Q 79. Rxh1 Kxh1 80. d8=Q Rxd8+ 81. Kxd8 1/2-1/2

[Event "Manhem Chessweek GM"]
[Site "www.ssmanhem.se"]
[Date "2013.08.15"]
[Round "8"]
[White "Nithander, Victor"]
[Black "Semcesen, Daniel"]
[Result "1-0"]
[WhiteElo "2437"]
[BlackElo "2486"]
[PlyCount "145"]
[EventDate "2013.08.10"]

1. c4 e5 2. g3 c6 3. d4 exd4 4. Qxd4 d5 5. Nf3 Nf6 6. Bg2 Be6 7. cxd5 cxd5 8.
O-O Nc6 9. Qa4 Bc5 10. Nbd2 O-O 11. Nb3 Bb6 12. Bf4 Rc8 13. Qa3 Ne4 14. Ne5 Qf6
15. Nxc6 Rxc6 16. Bxe4 dxe4 17. Nd2 Rc2 18. Rab1 Qf5 19. Rbc1 Bxf2+ 20. Kxf2
Rxd2 21. Ke1 Rdd8 22. Bd6 Qg5 23. Rc5 f5 24. Bxf8 Qd2+ 25. Kf2 Rxf8 26. Qc3 Qh6
27. Kg1 Qg6 28. Qe5 h5 29. Rf4 Rd8 30. Rc7 Rd5 31. Qc3 Bd7 32. Qb3 Bc6 33. Rd7
Qe6 34. Rxd5 Bxd5 35. Qb5 g6 36. Rf1 Kh7 37. Rd1 Bc6 38. Qb3 Qe7 39. Qc3 h4 40.
Kf2 g5 41. e3 h3 42. Qa5 Kg6 43. Qd8 Qxd8 44. Rxd8 Kh5 45. b4 Kg4 46. a3 a6 47.
Rf8 Bb5 48. Rf7 Bc6 49. Rh7 Bd5 50. a4 Bc6 51. a5 Bd5 52. Ke2 Bc6 53. Kd2 Bd5
54. Kc3 f4 55. gxf4 gxf4 56. Kd4 fxe3 57. Kxe3 Bc6 58. Rg7+ Kf5 59. Rg3 Ke5 60.
Rxh3 Kd5 61. Rh4 Kc4 62. Rxe4+ Bxe4 63. Kxe4 Kxb4 64. h4 Kxa5 65. h5 b5 66. h6
b4 67. h7 b3 68. h8=Q Kb4 69. Kd3 a5 70. Qb8+ Ka3 71. Kc3 a4 72. Qh2 b2 73.
Qxb2# 1-0

[Event "Manhem Chessweek GM"]
[Site "www.ssmanhem.se"]
[Date "2013.08.15"]
[Round "8"]
[White "Berg, Emanuel"]
[Black "Hillarp Persson, Tiger"]
[Result "1/2-1/2"]
[WhiteElo "2539"]
[BlackElo "2529"]
[PlyCount "131"]
[EventDate "2013.08.10"]

1. e4 c5 2. d4 cxd4 3. c3 dxc3 4. Nxc3 Nc6 5. Nf3 d6 6. Bc4 a6 7. O-O Nf6 8. h3
e6 9. Bf4 Be7 10. Qe2 b5 11. Bb3 Na5 12. Rfd1 Qb6 13. Bc2 Bb7 14. e5 dxe5 15.
Nxe5 Rc8 16. Bg5 Nc4 17. Bxf6 gxf6 18. Nxc4 Rxc4 19. Be4 Rg8 20. Bxb7 Qxb7 21.
g3 f5 22. a4 Bc5 23. Kh2 Rf4 24. Rf1 b4 25. Nd1 Bd6 26. Rg1 Rf3 27. Rc1 Ke7 28.
Ne3 Kf6 29. Rcd1 Bc5 30. Rd3 Bxe3 31. Rxe3 Rxe3 32. Qxe3 Qe4 33. Qh6+ Ke7 34.
Rd1 Rg6 35. Qxh7 f4 36. Qh4+ Rf6 37. Rd7+ Kxd7 38. Qxf6 fxg3+ 39. Kxg3 Ke8 40.
Qh8+ Kd7 41. Qf6 Ke8 42. h4 Qd3+ 43. f3 Qd1 44. h5 Qxa4 45. h6 Qd1 46. Qg7 Ke7
47. Qg5+ Kf8 48. Qc5+ Kg8 49. Qg5+ Kf8 50. Qg7+ Ke7 51. Kf4 Qc1+ 52. Ke4 Qc4+
53. Ke3 Qc5+ 54. Ke2 Qc2+ 55. Ke1 Qc1+ 56. Ke2 Qc2+ 57. Ke3 Qc5+ 58. Kd3 Qd5+
59. Ke2 Qc4+ 60. Kf2 Qc2+ 61. Kg1 Qd1+ 62. Kh2 Qe2+ 63. Kg1 Qe1+ 64. Kg2 Qe2+
65. Kg3 Qe1+ 66. Kg2 1/2-1/2

[Event "Manhem Chessweek GM"]
[Site "www.ssmanhem.se"]
[Date "2013.08.16"]
[Round "9"]
[White "Wallace, John-Paul"]
[Black "Berg, Emanuel"]
[Result "1/2-1/2"]
[WhiteElo "2394"]
[BlackElo "2539"]
[PlyCount "223"]
[EventDate "2013.08.10"]

1. d4 Nf6 2. c4 g6 3. Nc3 Bg7 4. e4 d6 5. f3 O-O 6. Nge2 c5 7. d5 a6 8. a4 e6
9. Ng3 h5 10. Bg5 exd5 11. cxd5 Re8 12. Be2 Qb6 13. Qd2 Nh7 14. a5 Qc7 15. Bh6
Bd4 16. Be3 h4 17. Bxd4 cxd4 18. Na4 Nd7 19. Rc1 Qd8 20. Nf1 f5 21. Qxd4 Qxa5+
22. Nd2 b5 23. b4 Qd8 24. Nb2 Qf6 25. Qxf6 Ndxf6 26. Rc6 fxe4 27. Rxd6 Bf5 28.
O-O e3 29. Ne4 Nxe4 30. fxe4 Rxe4 31. Nd3 Nf8 32. Rf4 Rxf4 33. Nxf4 a5 34. bxa5
Rxa5 35. h3 Ra4 36. Ne6 Ra1+ 37. Kh2 Ra2 38. Nd4 Rd2 39. Nxf5 gxf5 40. Bxb5 e2
41. Bxe2 Rxe2 42. Rh6 Re4 43. Rh5 Rf4 44. g4 Ng6 45. gxf5 Ne5 46. d6 Kg7 47.
Kh1 Rf2 48. f6+ Kxf6 49. d7 Nxd7 50. Rxh4 Kf5 51. Kg1 Rd2 52. Rg4 Ne5 53. Rg2
Rd1+ 54. Kf2 Kf4 55. Ke2 Ra1 56. Rg8 Ra2+ 57. Kd1 Ke3 58. Re8 Kd4 59. h4 Nc4
60. Rd8+ Kc3 61. h5 Rh2 62. Ke1 Ne5 63. h6 Nd3+ 64. Kf1 Kd2 65. Re8 Rxh6 66.
Kg2 Rf6 67. Kg3 Nf2 68. Rd8+ Ke3 69. Re8+ Ne4+ 70. Kg4 Rf4+ 71. Kh5 Rf5+ 72.
Kg6 Kf4 73. Re6 Ra5 74. Rb6 Ra7 75. Rc6 Ke5 76. Rb6 Nc3 77. Rc6 Nd5 78. Rc1
Nf4+ 79. Kg5 Rg7+ 80. Kh6 Rg6+ 81. Kh7 Rg4 82. Ra1 Kf6 83. Rf1 Kf7 84. Kh6 Kf6
85. Kh7 Kf7 86. Kh6 Rg6+ 87. Kh7 Rg7+ 88. Kh6 Rg6+ 89. Kh7 Rf6 90. Ra1 Nd5 91.
Ra7+ Ne7 92. Rb7 Ra6 93. Rc7 Ra5 94. Kh6 Kf6 95. Rb7 Nf5+ 96. Kh7 Ra6 97. Rc7
Rb6 98. Ra7 Rc6 99. Rb7 Ra6 100. Rc7 Rb6 101. Ra7 Rd6 102. Rb7 Rd4 103. Rb6+
Nd6 104. Ra6 Rd1 105. Rc6 Rh1+ 106. Kg8 Rg1+ 107. Kh7 Rh1+ 108. Kg8 Ke7 109.
Rc7+ Ke6 110. Rh7 Rg1+ 111. Rg7 Rxg7+ 112. Kxg7 1/2-1/2

[Event "Manhem Chessweek GM"]
[Site "www.ssmanhem.se"]
[Date "2013.08.16"]
[Round "9"]
[White "Rozentalis, Eduardas"]
[Black "Nithander, Victor"]
[Result "1-0"]
[WhiteElo "2607"]
[BlackElo "2437"]
[PlyCount "137"]
[EventDate "2013.08.10"]

1. e4 c5 2. Nf3 Nc6 3. Bb5 d6 4. O-O Bd7 5. Re1 Nf6 6. h3 g6 7. c3 Ne5 8. Bf1
Nxf3+ 9. Qxf3 Bg7 10. d4 O-O 11. dxc5 dxc5 12. e5 Bc6 13. exf6 Bxf3 14. fxg7
Kxg7 15. gxf3 Qd7 16. Nd2 Rad8 17. Bg2 b6 18. a4 Qd3 19. a5 Rd7 20. axb6 axb6
21. Bf1 Qf5 22. Nc4 Rb8 23. f4 Qh5 24. Be3 f6 25. Bg2 Kf8 26. Kh2 Qf5 27. Ra6
b5 28. Nd2 Rd6 29. Ra7 Re6 30. Nb3 Rc8 31. Rb7 Qd3 32. Kg1 b4 33. Nc1 Qc2 34.
cxb4 cxb4 35. Ne2 Rd8 36. Bf1 Qxb2 37. Nd4 Re4 38. Nc6 Qc3 39. Rc1 Qa3 40. Ra7
Qb3 41. Nxd8 Rxe3 42. Bc4 Qb2 43. Raa1 Qd4 44. Ne6+ Rxe6 45. Bxe6 Qxf4 46. Bd5
Kg7 47. Rab1 e5 48. Bg2 f5 49. Rc7+ Kh6 50. Rb7 e4 51. R7xb4 Qd2 52. R4b3 Qc2
53. R3b2 Qc3 54. Re2 Kg5 55. Rb7 Qa1+ 56. Bf1 h5 57. Rb6 Qd4 58. h4+ Kh6 59.
Re6 Qd8 60. Re3 f4 61. R3xe4 Qxh4 62. Bg2 Qg5 63. R4e5 Qg4 64. Rf6 Kg7 65. Ree6
g5 66. Rd6 h4 67. Kh2 Qe2 68. Rg6+ Kh7 69. Rge6 1-0

[Event "Manhem Chessweek GM"]
[Site "www.ssmanhem.se"]
[Date "2013.08.16"]
[Round "9"]
[White "Blomqvist, Erik"]
[Black "Smith, Axel"]
[Result "1-0"]
[WhiteElo "2503"]
[BlackElo "2468"]
[PlyCount "119"]
[EventDate "2013.08.10"]

1. Nf3 d5 2. d4 Nf6 3. c4 c6 4. Qb3 dxc4 5. Qxc4 Bg4 6. Nc3 Nbd7 7. e4 Bxf3 8.
gxf3 e5 9. Be3 exd4 10. Bxd4 Bd6 11. O-O-O Qc7 12. Ne2 O-O 13. Qc2 Rad8 14. Kb1
Rfe8 15. h4 Nh5 16. Be3 Nf8 17. Bh3 Ne6 18. Bxe6 fxe6 19. Qb3 c5 20. Rd2 Bf8
21. Rxd8 Qxd8 22. Rd1 Qe7 23. Kc2 Qf7 24. f4 Nf6 25. Ng3 Ng4 26. h5 Nxe3+ 27.
fxe3 Qe7 28. Qb5 Rd8 29. Rxd8 Qxd8 30. Qc4 Qd7 31. e5 b5 32. Qe4 c4 33. Qd4
Qxd4 34. exd4 g6 35. hxg6 hxg6 36. Kc3 a5 37. Ne4 Bb4+ 38. Kc2 Kf7 39. a3 Bf8
40. Kc3 Ke8 41. Nf6+ Kf7 42. Nh7 b4+ 43. Kxc4 bxa3 44. Ng5+ Ke8 45. bxa3 Kd7
46. a4 Ba3 47. Kd3 Bc1 48. Ke4 Ke7 49. Nf3 Kf7 50. Ne1 Bd2 51. Nd3 Ke7 52. Nb2
Kd7 53. Nc4 Be1 54. d5 exd5+ 55. Kxd5 Ke7 56. e6 Bb4 57. Ne5 Kf6 58. Nc6 Bd2
59. Kd6 Bxf4+ 60. Kd7 1-0

[Event "Manhem Chessweek GM"]
[Site "www.ssmanhem.se"]
[Date "2013.08.16"]
[Round "9"]
[White "Semcesen, Daniel"]
[Black "Bejtovic, Jasmin"]
[Result "1-0"]
[WhiteElo "2486"]
[BlackElo "2392"]
[PlyCount "60"]
[EventDate "2013.08.10"]

1. d4 Nf6 2. c4 g6 3. Nc3 Bg7 4. e4 d6 5. h3 O-O 6. Nf3 e5 7. d5 a5 8. g4 Na6
9. Be3 c6 10. Nd2 Nc5 11. Be2 Nfd7 12. Rg1 a4 13. Qc2 Qa5 14. a3 cxd5 15. cxd5
Nb6 16. h4 Bd7 17. g5 Rfc8 18. Rg3 Bf8 19. Kf1 Rc7 20. Kg2 Be8 21. Rh1 Rac8 22.
h5 Nb3 23. Nxb3 axb3 24. Qxb3 Na4 25. hxg6 hxg6 26. Bg4 Ra8 27. Bd2 b5 28. Rgh3
Bg7 29. Nb1 Qb6 30. Rh7 Bf8 1-0

[Event "Manhem Chessweek GM"]
[Site "www.ssmanhem.se"]
[Date "2013.08.16"]
[Round "9"]
[White "Hillarp Persson, Tiger"]
[Black "Bae, Torstein"]
[Result "1-0"]
[WhiteElo "2529"]
[BlackElo "2453"]
[PlyCount "143"]
[EventDate "2013.08.10"]

1. d4 Nf6 2. c4 e6 3. Nc3 Bb4 4. e3 O-O 5. Bd3 d5 6. Nf3 b6 7. cxd5 exd5 8. a3
Bd6 9. O-O Bb7 10. b4 a6 11. Qb3 Qe7 12. Rb1 Nbd7 13. Re1 Rfe8 14. a4 Ne4 15.
b5 Ndf6 16. bxa6 Bxa6 17. Nxd5 Nxd5 18. Bxa6 Rxa6 19. Qxd5 Ra5 20. Qc6 Qe6 21.
Qc2 Rf5 22. Ne5 Bxe5 23. dxe5 Qxe5 24. Rb5 Qf6 25. f3 Rxb5 26. axb5 Nd6 27.
Qxc7 Nxb5 28. Qd7 Nd6 29. Rd1 Rd8 30. Qc7 Rc8 31. Qxb6 Ne8 32. Qxf6 Nxf6 33.
Bb2 Kf8 34. h4 Rc2 35. Rd8+ Ke7 36. Rb8 Nd5 37. Rb7+ Ke6 38. Bd4 g6 39. g4 Re2
40. Kf1 Rd2 41. g5 Rh2 42. e4 Nf4 43. Bc5 Ke5 44. Re7+ Ne6 45. Bf2 Rh1+ 46. Kg2
Rc1 47. Rxf7 Nf4+ 48. Kg3 Nh5+ 49. Kh3 Rc3 50. Be1 Rb3 51. Rf8 Rb1 52. Bc3+ Ke6
53. Re8+ Kd6 54. Be5+ Kd7 55. Rb8 Rh1+ 56. Bh2 Rc1 57. Rb7+ Ke6 58. Rxh7 Rc3
59. Kg4 Rc2 60. Rh6 Kf7 61. Be5 Rg2+ 62. Kh3 Rf2 63. Rh7+ Ke6 64. f4 Re2 65.
Rh6 Rxe4 66. Kg4 Kf7 67. Rh7+ Ke6 68. Rh6 Kf7 69. Rxh5 gxh5+ 70. Kxh5 Re1 71.
Kh6 Re2 72. h5 1-0